Erik Jakub Groch - Jana Kiselová-Siteková: Píšťalkár

Bibliographic Details
Main Author: Stanislavová, Zuzana, 1951- (Author)
Format: Article
Language:Slovak
ISSN:1335-7263
Subjects:

MARC

LEADER 00000nab a2200000 a 4500
001 vtls008981747
003 SK-MaSNL
005 20260303065152.0
008 140429c2007 xo qr|p|||||||000 b|slo
015 |a SNBRB2007/04  |2 snkbucl 
038 |a SNKBUCL 
040 |a SNKBUCL  |b slo  |c SNKBUCL  |e AACR2 
041 0 |a slo 
044 |a xo  |c SK 
080 |a 82.09:821.162.4-93  |x (048)  |2 1997 
080 |a 821.162.4-93  |x (048)  |2 1997 
080 |a 821.162.4-32(0.053.2)  |x (048)  |2 1997 
100 1 |a Stanislavová, Zuzana,  |d 1951-  |4 aut  |9 88135 
245 1 0 |a Erik Jakub Groch - Jana Kiselová-Siteková: Píšťalkár  |c Zuzana Stanislavová 
650 0 7 |a autorské rozprávky, slovenské  |x recenzie  |2 snkbucl  |9 70081 
655 7 |a recenzie  |2 snkbucl  |9 21907 
773 0 |t Bibiana  |g Roč. XIV, č. 1 (2007), s. 66-67  |x 1335-7263 
787 0 8 |i Rec.:  |a Groch, Erik, 1957-  |t Píšťalkár  |d Prešov : Občianske združenie Slniečkovo, 2006  |z 8096957775 
852 |a SNK  |b KIS3GCP 
958 |a LX 
958 |a SK 
958 |a RC 
999 |c 1750115  |d 1752045